[Event "C.to Europeo U12 femminile"]
[Site "Herceg Novi MNE"]
[Date "2006.09.14"]
[Round "5"]
[White "Foisor, Mihaela-Veronica"]
[Black "Doronzo, Eliana"]
[Result "1-0"]
[WhiteElo "2005"]
[BlackElo "1524"]
[PlyCount "137"]
[EventDate "2006.09.10"]

1. d4 d5 2. c4 e6 3. Nf3 Nc6 4. e3 Nf6 5. Nc3 Bb4 6. a3 Bxc3+ 7. bxc3 O-O 8.
Bd3 Qe7 9. Qc2 h6 10. O-O e5 11. cxd5 Nxd5 12. c4 Nf6 13. d5 e4 14. Bxe4 Qxe4
15. Qxe4 Nxe4 16. dxc6 bxc6 17. Ne5 c5 18. Rd1 Nd6 19. a4 Re8 20. Nd3 Re4 21.
Nxc5 Rxc4 22. Ba3 Rb8 23. Rac1 Bf5 24. f3 Rxc1 25. Rxc1 Rb1 26. e4 Rxc1+ 27.
Bxc1 Bc8 28. Bf4 g5 29. Be5 Ne8 30. a5 h5 31. Kf2 f6 32. Bd4 a6 33. g3 Kf7 34.
f4 g4 35. Bc3 Ke7 36. Bb4 Kf7 37. Ke3 Ng7 38. f5 Ne8 39. Kf4 Nd6 40. Bc3 Nc4
41. e5 fxe5+ 42. Bxe5 Nxa5 43. Bxc7 Nc4 44. Ne4 a5 45. Bxa5 Bb7 46. Ng5+ Kg8
47. Bb4 Nb2 48. Bc3 Nd3+ 49. Ke3 Nc5 50. f6 Nd7 51. Kf4 Bd5 52. Kf5 Nf8 53. f7+
Bxf7 54. Nxf7 Kxf7 55. Kg5 h4 56. Kxh4 Kg8 57. Kxg4 Kh7 58. Kf5 Kg8 59. g4 Kh7
60. h4 Ng6 61. h5 Ne7+ 62. Ke6 Nc6 63. g5 Nd8+ 64. Ke7 Nc6+ 65. Kf6 Nd8 66. g6+
Kg8 67. h6 Nb7 68. h7+ Kh8 69. Kf7# 1-0

[Event "C.to Europeo U10"]
[Site "Herceg Novi MNE"]
[Date "2006.09.19"]
[Round "9"]
[White "Boskovic, Maksimilijan"]
[Black "Stella, Luca"]
[Result "1/2-1/2"]
[WhiteElo "1803"]
[BlackElo "1680"]
[PlyCount "46"]
[EventDate "2006.09.10"]

1. d4 Nf6 2. Nf3 e6 3. e3 b6 4. Bd3 Bb7 5. Nbd2 Be7 6. O-O O-O 7. b3 c5 8. Bb2
d5 9. Ne5 Nbd7 10. f4 Nxe5 11. fxe5 Ne4 12. Bxe4 dxe4 13. c3 Bg5 14. Re1 Rc8
15. Nc4 Be7 16. a4 Bd5 17. Nd2 f5 18. exf6 Rxf6 19. Rf1 Rg6 20. Qe2 Bd6 21. g3
Qh4 22. Rf2 cxd4 23. cxd4 h5 1/2-1/2

[Event "XVI C.to Mondiale seniores femminile"]
[Site "Arvier ITA"]
[Date "2006.09.11"]
[Round "1"]
[White "Abdikasova, Panu"]
[Black "Fatalibekova, Elena"]
[Result "1-0"]
[WhiteElo "2035"]
[BlackElo "2264"]
[PlyCount "165"]
[EventDate "2006.09.11"]

1. d4 Nf6 2. c4 c5 3. d5 b5 4. cxb5 a6 5. bxa6 Bxa6 6. Nc3 g6 7. e4 Bxf1 8.
Kxf1 d6 9. Nf3 Bg7 10. h3 O-O 11. Be3 Na6 12. Kg1 Qb8 13. Rb1 Nc7 14. Nd2 e6
15. dxe6 Nxe6 16. Nc4 Rd8 17. f3 Nd4 18. b4 Qc8 19. Nb6 Qe6 20. Nxa8 Rxa8 21.
bxc5 dxc5 22. a4 Qc4 23. Nb5 Nd7 24. Nxd4 cxd4 25. Bf4 Rxa4 26. Kh2 h6 27. Qb3
Qxb3 28. Rxb3 Nc5 29. Rb8+ Kh7 30. Rd1 Ra2 31. Rb5 Ne6 32. Bg3 h5 33. Kh1 g5
34. Be1 Kg6 35. Bd2 h4 36. Ra5 Rb2 37. Ra6 Be5 38. Kg1 Kh5 39. Kf1 Bf4 40. Bxf4
Nxf4 41. Rf6 Rb7 42. Rxf4 gxf4 43. Rxd4 Rb1+ 44. Kf2 Rb2+ 45. Kg1 Rb1+ 46. Kh2
Rb5 47. Kg1 Rb1+ 48. Kf2 Rb2+ 49. Kf1 Rb1+ 50. Ke2 Kg6 51. Rd5 Rb2+ 52. Kf1
Rb1+ 53. Kf2 Rb2+ 54. Kg1 Rb8 55. Rf5 f6 56. Rxf4 Rh8 57. Rf5 Ra8 58. Rb5 Ra4
59. Rb6 Kg7 60. Rb2 Kg6 61. Kf2 Ra8 62. g3 hxg3+ 63. Kxg3 Ra1 64. Rb5 Rg1+ 65.
Kh2 Ra1 66. Rf5 Ra2+ 67. Kg3 Ra4 68. h4 Ra6 69. h5+ Kg7 70. Rd5 Ra8 71. Kg4 Ra1
72. f4 Rh1 73. Rd7+ Kf8 74. Kf5 Rxh5+ 75. Kxf6 Rh6+ 76. Ke5 Ke8 77. Ra7 Rb6 78.
f5 Rb5+ 79. Kf6 Rb6+ 80. Kg5 Rb4 81. Kf4 Rb1 82. e5 Rf1+ 83. Ke4 1-0

[Event "XVI C.to Mondiale seniores femminile"]
[Site "Arvier ITA"]
[Date "2006.09.11"]
[Round "1"]
[White "Beliaeva, Natalia"]
[Black "Erenska-Barlo, Hanna"]
[Result "1/2-1/2"]
[WhiteElo "2078"]
[BlackElo "2293"]
[PlyCount "55"]
[EventDate "2006.09.11"]

1. d4 Nf6 2. Nf3 e6 3. c4 b6 4. g3 Bb4+ 5. Bd2 Bxd2+ 6. Nbxd2 Bb7 7. Bg2 O-O 8.
O-O Na6 9. Ne5 Bxg2 10. Kxg2 c5 11. e3 d6 12. Nd3 Qd7 13. dxc5 dxc5 14. Ne5 Qc7
15. Ndf3 Nb4 16. Qe2 Nc6 17. Nxc6 Qxc6 18. Kg1 Rfd8 19. Rfd1 Qe4 20. Rxd8+ Rxd8
21. Rd1 Re8 22. Ne1 h6 23. f3 Qg6 24. e4 e5 25. Rd6 Qg5 26. Qd2 Qxd2 27. Rxd2
Kf8 28. Nc2 1/2-1/2

[Event "XVI C.to Mondiale seniores femminile"]
[Site "Arvier ITA"]
[Date "2006.09.11"]
[Round "1"]
[White "Epstein, Esther"]
[Black "Hoose, Hannelore"]
[Result "1-0"]
[WhiteElo "2182"]
[BlackElo "1828"]
[PlyCount "57"]
[EventDate "2006.09.11"]

1. e4 e6 2. d4 d5 3. e5 c5 4. c3 Qb6 5. Nf3 Nc6 6. Be2 Bd7 7. O-O Nh6 8. dxc5
Bxc5 9. b4 Be7 10. Bxh6 gxh6 11. b5 Na5 12. Nd4 Nc4 13. Bxc4 dxc4 14. Nd2 Qc5
15. Qh5 Bf8 16. Ne4 Qe7 17. Nd6+ Kd8 18. Nxf7+ Kc7 19. Nxh8 Bg7 20. Nf7 Be8 21.
Qg4 Bxf7 22. Qxg7 Kb6 23. a4 Rg8 24. Qxh6 Rg6 25. Qe3 Kc7 26. a5 h5 27. Rfd1
Be8 28. b6+ axb6 29. axb6+ 1-0

[Event "XVI C.to Mondiale seniores femminile"]
[Site "Arvier ITA"]
[Date "2006.09.11"]
[Round "1"]
[White "Fomina, Tatyana V."]
[Black "Lebel Arias, Julia"]
[Result "1-0"]
[WhiteElo "2220"]
[BlackElo "1965"]
[PlyCount "131"]
[EventDate "2006.09.11"]

1. d4 g6 2. Nc3 Bg7 3. Nf3 d6 4. Bg5 f6 5. Bh4 Nh6 6. e3 O-O 7. Bc4+ e6 8. Bb3
Nf7 9. Qd2 c6 10. Bg3 a5 11. a4 Na6 12. h4 d5 13. e4 Nb4 14. O-O b6 15. Rfe1
Bb7 16. Nd1 Qd7 17. c3 Na6 18. Bc2 c5 19. e5 f5 20. Bf4 cxd4 21. Nxd4 Nc5 22.
f3 Qe7 23. Qf2 Rfe8 24. Qg3 Ba6 25. Nf2 Kh8 26. Rad1 Rg8 27. Nh3 Rae8 28. Bg5
Qc7 29. Nf4 Nxg5 30. hxg5 Qf7 31. Re3 Bf8 32. Kf2 Rg7 33. Rh1 Kg8 34. Ree1 Qd7
35. Rh4 Nb7 36. Reh1 Bc5 37. Qh2 Bxd4+ 38. cxd4 Qc7 39. Bb3 Bc4 40. Bxc4 Qxc4
41. Ne2 Qc7 42. g4 fxg4 43. Rxg4 Rf8 44. Rf4 Rxf4 45. Qxf4 Rf7 46. Qg4 Nd8 47.
Rc1 Qd7 48. b3 Nc6 49. Nc3 Nb4 50. Ke3 Re7 51. Nb5 Nc6 52. Nd6 Na7 53. Qf4 Rg7
54. Qf6 Re7 55. Rc3 Rg7 56. Qf4 Re7 57. Qh2 Qd8 58. Qc2 Kg7 59. Qd3 h6 60.
gxh6+ Kxh6 61. Rc1 Qg8 62. Qc2 Kg7 63. Rg1 Qh7 64. Qg2 Qh6+ 65. f4 Nc6 66. Rh1
1-0

[Event "XVI C.to Mondiale seniores femminile"]
[Site "Arvier ITA"]
[Date "2006.09.11"]
[Round "1"]
[White "Saunina, Ludmila"]
[Black "Blagonadezhnaya, Ideya"]
[Result "1-0"]
[WhiteElo "2290"]
[BlackElo "2049"]
[PlyCount "113"]
[EventDate "2006.09.11"]

1. e4 g6 2. d4 Bg7 3. c3 d6 4. f4 e5 5. dxe5 dxe5 6. Qxd8+ Kxd8 7. Bc4 Ke7 8.
fxe5 Bxe5 9. Nf3 Bg7 10. Bf4 c6 11. Ng5 Nh6 12. O-O f6 13. Nf3 Be6 14. Bxe6
Kxe6 15. Nbd2 Nd7 16. Nc4 Nf7 17. Rad1 Nde5 18. Na5 b6 19. Nd4+ Kd7 20. Nf5+
Kc7 21. Nxg7 bxa5 22. Bxe5+ Nxe5 23. Rxf6 Rhg8 24. Ne6+ Kb6 25. Ng5 h6 26. Nf3
Nxf3+ 27. gxf3 Raf8 28. Rxf8 Rxf8 29. Kf2 g5 30. Ke3 Kc5 31. Rd7 a6 32. Ra7 Kb6
33. Rh7 Rf6 34. a4 Kc5 35. Ra7 Kb6 36. Re7 Kc5 37. Re5+ Kb6 38. b3 Rd6 39. Ke2
Rf6 40. h3 Rf4 41. Kf2 Rf6 42. Re8 Rd6 43. Ke2 Rf6 44. Rh8 Kc5 45. Ra8 Kb6 46.
Ke3 Rf4 47. Kf2 Rf6 48. Rd8 Kc7 49. Rd4 h5 50. Ke3 Rg6 51. e5 c5 52. Rc4 Kb6
53. Ke4 g4 54. fxg4 hxg4 55. Kf5 gxh3 56. Kxg6 h2 57. Rh4 1-0

[Event "XVI C.to Mondiale seniores femminile"]
[Site "Arvier ITA"]
[Date "2006.09.12"]
[Round "2"]
[White "Blagonadezhnaya, Ideya"]
[Black "Beliaeva, Natalia"]
[Result "0-1"]
[WhiteElo "2049"]
[BlackElo "2078"]
[PlyCount "38"]
[EventDate "2006.09.11"]

1. e4 c6 2. d4 d5 3. Nc3 dxe4 4. Nxe4 Nd7 5. Nf3 Ngf6 6. Ng3 Qc7 7. Bd3 e6 8.
O-O c5 9. h3 Bd6 10. Ne2 c4 11. Nc3 cxd3 12. Nb5 Qb8 13. c4 O-O 14. Qxd3 b6 15.
Ng5 Bf4 16. Qf3 Bxc1 17. Raxc1 Bb7 18. Qd3 a6 19. Nc3 Qf4 0-1

[Event "XVI C.to Mondiale seniores femminile"]
[Site "Arvier ITA"]
[Date "2006.09.12"]
[Round "2"]
[White "Dragasevic Georgieva, Antonina"]
[Black "Fomina, Tatyana V."]
[Result "1-0"]
[WhiteElo "2134"]
[BlackElo "2220"]
[PlyCount "57"]
[EventDate "2006.09.11"]

1. e4 c5 2. Nf3 e6 3. c3 d5 4. e5 d4 5. Bc4 a6 6. a4 Ne7 7. Qe2 Ng6 8. d3 Nc6
9. O-O Be7 10. Re1 O-O 11. Na3 Rb8 12. Qe4 Qd7 13. h4 h5 14. g4 hxg4 15. Qxg4
Re8 16. h5 Nh8 17. Bh6 Bf8 18. Ng5 Qe7 19. f4 Nd8 20. Ne4 Kh7 21. Bg5 Qd7 22.
Rf1 Be7 23. Kh2 b5 24. axb5 axb5 25. Rg1 g6 26. Bxe7 Qxe7 27. Nf6+ Kg7 28. Bxb5
Rg8 29. h6+ 1-0

[Event "XVI C.to Mondiale seniores femminile"]
[Site "Arvier ITA"]
[Date "2006.09.12"]
[Round "2"]
[White "Epstein, Esther"]
[Black "Saunina, Ludmila"]
[Result "1/2-1/2"]
[WhiteElo "2182"]
[BlackElo "2290"]
[PlyCount "67"]
[EventDate "2006.09.11"]

1. e4 c5 2. Nf3 d6 3. d4 cxd4 4. Nxd4 Nf6 5. Nc3 Nc6 6. Bc4 e6 7. Be3 a6 8. Bb3
Qc7 9. Qe2 b5 10. f3 Na5 11. O-O Be7 12. Kh1 O-O 13. Rad1 Nxb3 14. axb3 b4 15.
Na4 Bb7 16. Bg5 Rac8 17. c4 bxc3 18. bxc3 Qa5 19. Be3 Rfe8 20. Ra1 Nd7 21. Rfc1
Qe5 22. Nb2 d5 23. Nd3 Qf6 24. exd5 e5 25. Nc6 Bxc6 26. dxc6 Rxc6 27. Nb4 Bxb4
28. cxb4 e4 29. Rxc6 Qxc6 30. Bg1 Qc3 31. Rxa6 Qxb4 32. Ra4 Qxb3 33. Rxe4 Rxe4
34. Qxe4 1/2-1/2

[Event "XVI C.to Mondiale seniores femminile"]
[Site "Arvier ITA"]
[Date "2006.09.12"]
[Round "2"]
[White "Erenska-Barlo, Hanna"]
[Black "Fatalibekova, Elena"]
[Result "1-0"]
[WhiteElo "2293"]
[BlackElo "2264"]
[PlyCount "111"]
[EventDate "2006.09.11"]

1. e4 d6 2. d4 Nf6 3. Nc3 g6 4. Nf3 Bg7 5. h3 O-O 6. a4 a5 7. Bc4 Nxe4 8. Bxf7+
Rxf7 9. Nxe4 Rf8 10. O-O e5 11. dxe5 dxe5 12. Qe2 Nc6 13. c3 Qe8 14. Re1 Kh8
15. Bg5 Qf7 16. Bh4 h6 17. Bg3 Bf5 18. Qb5 Ra6 19. Nxe5 Nxe5 20. Bxe5 Rb6 21.
Bxg7+ Qxg7 22. Qxa5 Rxb2 23. f3 b6 24. Qd5 Bxe4 25. Qxe4 g5 26. Rad1 Rb3 27. c4
Ra3 28. Qc6 Ra2 29. Kh2 Qf6 30. Re6 Qf4+ 31. Kh1 Qf5 32. Rxh6+ Kg7 33. Re6 Rf7
34. Rde1 Rb2 35. Re7 Rb1 36. Rxf7+ Kxf7 37. Qxc7+ Kg6 38. Rxb1 Qxb1+ 39. Kh2
Qb4 40. Qc6+ Kg7 41. Qd7+ Kf6 42. Qd4+ Kg6 43. h4 gxh4 44. Qxh4 Qxa4 45. Qe4+
Kf6 46. Kg3 Qa5 47. f4 Qc3+ 48. Kg4 Qd2 49. Qc6+ Kg7 50. Qc7+ Kf8 51. g3 Qe3
52. Qc6 Kg7 53. Qc7+ Kf8 54. f5 Qd4+ 55. Kg5 Qe3+ 56. Kg6 1-0

[Event "XVI C.to Mondiale seniores femminile"]
[Site "Arvier ITA"]
[Date "2006.09.12"]
[Round "2"]
[White "Khmiadashvili, Tamar"]
[Black "Abdikasova, Panu"]
[Result "1-0"]
[WhiteElo "2210"]
[BlackElo "2035"]
[PlyCount "93"]
[EventDate "2006.09.11"]

1. f4 d5 2. Nf3 c5 3. e3 Nc6 4. Bb5 Bd7 5. O-O Nf6 6. a4 g6 7. b3 Bg7 8. Bb2
O-O 9. Ne5 Nxe5 10. Bxe5 Ng4 11. Bxg7 Kxg7 12. Be2 Nf6 13. Bf3 Bc6 14. d4 Qd6
15. g3 Rac8 16. c3 b6 17. g4 Qe6 18. Re1 Bd7 19. h3 Ne4 20. Ra2 h6 21. Rg2 Kh7
22. c4 f5 23. cxd5 Qxd5 24. Bxe4 Qxe4 25. Nc3 Qb7 26. d5 Rcd8 27. Rd2 fxg4 28.
hxg4 Qc8 29. g5 h5 30. Qf3 Bg4 31. Qg3 Qb8 32. Rf1 Kg7 33. e4 e6 34. Rdf2 exd5
35. Nxd5 Be6 36. Qc3+ Kg8 37. Ne7+ Kh7 38. f5 gxf5 39. g6+ Kh6 40. exf5 Rd4 41.
Qe3+ Kg7 42. Qxe6 Rf6 43. Qe3 Qb7 44. Rf4 Rd7 45. Re4 Kf8 46. Qh6+ Ke8 47. Nc6+
1-0

[Event "XVI C.to Mondiale seniores femminile"]
[Site "Arvier ITA"]
[Date "2006.09.13"]
[Round "3"]
[White "Abdikasova, Panu"]
[Black "Lebel Arias, Julia"]
[Result "0-1"]
[WhiteElo "2035"]
[BlackElo "1965"]
[PlyCount "104"]
[EventDate "2006.09.11"]

1. d4 g6 2. c4 Bg7 3. Nc3 d6 4. e4 c6 5. Nf3 Bg4 6. Be2 Qb6 7. Na4 Qc7 8. O-O
Nh6 9. Be3 f6 10. Qd2 Nf7 11. Rac1 O-O 12. Rfd1 e5 13. c5 d5 14. exd5 e4 15. d6
Qd7 16. Ne1 Be6 17. Nc3 Bd5 18. Nxd5 cxd5 19. b4 f5 20. Nc2 a6 21. g3 h6 22. f4
Bf6 23. Qc3 Nc6 24. a4 Rfc8 25. Qb3 Qe6 26. Rd2 g5 27. Rcd1 Kh7 28. Kh1 Nh8 29.
b5 axb5 30. axb5 Na5 31. Qb4 Bd8 32. Qb1 gxf4 33. Bxf4 Ng6 34. Ne3 Bg5 35. Rf1
Nxf4 36. gxf4 Bf6 37. Rg1 b6 38. Bh5 Rg8 39. Rxg8 Rxg8 40. Qa2 Nc4 41. Nxc4 e3
42. Ne5 Bxe5 43. dxe5 exd2 44. Qxd2 bxc5 45. Qa2 Rg7 46. Bf3 c4 47. b6 Qc8 48.
Qb1 c3 49. Bxd5 c2 50. Qc1 Qc5 51. Bg2 Qf2 52. Ba8 Qe2 0-1

[Event "XVI C.to Mondiale seniores femminile"]
[Site "Arvier ITA"]
[Date "2006.09.13"]
[Round "3"]
[White "Beliaeva, Natalia"]
[Black "Epstein, Esther"]
[Result "0-1"]
[WhiteElo "2078"]
[BlackElo "2182"]
[PlyCount "71"]
[EventDate "2006.09.11"]

1. d4 Nf6 2. Nf3 g6 3. g3 Bg7 4. Bg2 O-O 5. c4 d6 6. O-O Nc6 7. Nc3 a6 8. h3
Rb8 9. a4 Na5 10. b3 c5 11. Qc2 Qb6 12. dxc5 Qxb3 13. Qxb3 Nxb3 14. Ra3 Nxc5
15. Rd1 Be6 16. Nd5 Nxd5 17. cxd5 Bd7 18. a5 Ba4 19. Re1 b5 20. axb6 Rxb6 21.
Be3 Rb4 22. Bg5 Re8 23. Nd2 h6 24. Be3 Reb8 25. Bxc5 dxc5 26. e4 Bb2 27. Ra2 c4
28. Rxb2 Rxb2 29. Nxc4 Rb1 30. Rxb1 Rxb1+ 31. Kh2 Bb5 32. Ne3 Rb2 33. Kg1 a5
34. e5 Rd2 35. Be4 a4 36. Nc2 0-1

[Event "XVI C.to Mondiale seniores femminile"]
[Site "Arvier ITA"]
[Date "2006.09.13"]
[Round "3"]
[White "Dragasevic Georgieva, Antonina"]
[Black "Khmiadashvili, Tamar"]
[Result "0-1"]
[WhiteElo "2134"]
[BlackElo "2210"]
[PlyCount "135"]
[EventDate "2006.09.11"]

1. d4 d6 2. Nf3 Bg4 3. e3 c6 4. b3 Nd7 5. Bb2 Ngf6 6. Nbd2 e6 7. Bd3 d5 8. h3
Bh5 9. O-O Bd6 10. c4 O-O 11. Qc2 Qb8 12. Rac1 Bg6 13. Bxg6 hxg6 14. e4 dxe4
15. Nxe4 Nxe4 16. Qxe4 Bf4 17. Rcd1 Nf6 18. Qc2 Bd6 19. Bc1 c5 20. dxc5 Bxc5
21. Bb2 Qf4 22. Be5 Qf5 23. Qxf5 gxf5 24. Bxf6 gxf6 25. Rd7 b6 26. Rfd1 f4 27.
Nd4 a5 28. Nc2 Rfe8 29. a3 Rac8 30. Rb7 Red8 31. Rdd7 Rxd7 32. Rxd7 Kg7 33. a4
e5 34. Kf1 Kg6 35. Ke2 f5 36. Kf3 Kf6 37. Rd5 Rh8 38. Ne1 Ke6 39. Ke2 Rg8 40.
Nd3 Bd6 41. Ne1 e4 42. Kf1 Bc5 43. Nc2 Rh8 44. Nd4+ Bxd4 45. Rxd4 f3 46. Rd5 f4
47. Rb5 fxg2+ 48. Kxg2 Rg8+ 49. Kf1 f3 50. Rxb6+ Ke5 51. c5 Kd4 52. c6 Rc8 53.
h4 f5 54. h5 f4 55. h6 Rc7 56. b4 axb4 57. Rxb4+ Kd3 58. Rb3+ Kc4 59. Rb1 e3
60. a5 Kc3 61. a6 Rxc6 62. fxe3 fxe3 63. Re1 Kd2 64. h7 Rh6 65. Ra1 Rc6 66. Re1
Rxa6 67. Ra1 Rc6 68. Rc1 0-1

[Event "XVI C.to Mondiale seniores femminile"]
[Site "Arvier ITA"]
[Date "2006.09.13"]
[Round "3"]
[White "Fatalibekova, Elena"]
[Black "Hoose, Hannelore"]
[Result "1-0"]
[WhiteElo "2264"]
[BlackElo "1828"]
[PlyCount "131"]
[EventDate "2006.09.11"]

1. d4 Nf6 2. Nf3 e6 3. e3 d5 4. Bd3 c5 5. b3 Qb6 6. O-O Na6 7. a3 Bd6 8. Nbd2
O-O 9. c4 Qc6 10. Qc2 cxd4 11. exd4 Qc7 12. c5 Be7 13. b4 Nb8 14. Bb2 h6 15.
Rfe1 a6 16. Ne5 Bd8 17. Ndf3 Nc6 18. Bc1 Nd7 19. Bf4 Ndxe5 20. Nxe5 Nxe5 21.
Bxe5 Qd7 22. Re3 Be7 23. Bf4 f5 24. Be5 Bf6 25. Rae1 Qd8 26. f4 Qe8 27. Bxf5
Bxe5 28. Bh7+ Kh8 29. fxe5 Bd7 30. Bd3 Rf4 31. Qc3 Qe7 32. g3 Rff8 33. Bb1 Rac8
34. Qc2 g5 35. Qg6 Qg7 36. Rf1 Rxf1+ 37. Kxf1 Bb5+ 38. Kg2 Qxg6 39. Bxg6 Kg7
40. Bd3 Bd7 41. Rf3 Rf8 42. Rxf8 Kxf8 43. Kf3 Ba4 44. Ke3 Kf7 45. Kd2 Ke7 46.
Kc3 Be8 47. Kb3 Kd8 48. a4 Kc7 49. b5 axb5 50. axb5 b6 51. Kb4 Bh5 52. Kc3 Bg4
53. Kd2 Bh5 54. Be2 Bf7 55. Bf1 Bg8 56. Bh3 Kb7 57. Bf1 Kc7 58. Ke3 Kb7 59. Kf3
Kc7 60. Kg4 bxc5 61. dxc5 Kd7 62. Kh5 d4 63. Kg6 Ke7 64. Kg7 d3 65. Kxg8 d2 66.
Be2 1-0

[Event "XVI C.to Mondiale seniores femminile"]
[Site "Arvier ITA"]
[Date "2006.09.13"]
[Round "3"]
[White "Saunina, Ludmila"]
[Black "Erenska-Barlo, Hanna"]
[Result "1-0"]
[WhiteElo "2290"]
[BlackElo "2293"]
[PlyCount "103"]
[EventDate "2006.09.11"]

1. e4 d6 2. d4 Nf6 3. Nc3 c6 4. f4 Qa5 5. Bd3 e5 6. Nf3 Bg4 7. Bd2 Qc7 8. Ne2
Nbd7 9. O-O Be7 10. Qe1 c5 11. c3 O-O 12. Kh1 c4 13. Bc2 Nh5 14. h3 Bxf3 15.
Rxf3 Qc6 16. Qf2 Rad8 17. Rf1 exf4 18. Nxf4 Nhf6 19. Re1 Qb5 20. Bc1 Rfe8 21.
g4 Bf8 22. g5 Qxg5 23. Ne6 Qa5 24. Nxd8 Qxd8 25. Qg2 g6 26. Bg5 Be7 27. Qf1 b5
28. e5 dxe5 29. dxe5 Nh5 30. Bf4 Bh4 31. Rd1 Qe7 32. Rd5 Nc5 33. Bh2 a6 34. Qd1
Rc8 35. Rd6 Ng7 36. b4 cxb3 37. axb3 Ne8 38. b4 Ne6 39. Rd7 Qg5 40. Rdxf7 Rd8
41. Rd7 Rxd7 42. Qxd7 Qe7 43. Qxe7 Bxe7 44. Bb3 N8c7 45. Rd3 Kf8 46. Rd6 Ng5
47. Rc6 Ne8 48. Kg2 Bd8 49. Bf4 Nf7 50. e6 Ng5 51. Rc8 Be7 52. Bd5 1-0

[Event "XVI C.to Mondiale seniores femminile"]
[Site "Arvier ITA"]
[Date "2006.09.14"]
[Round "4"]
[White "Blagonadezhnaya, Ideya"]
[Black "Fatalibekova, Elena"]
[Result "0-1"]
[WhiteElo "2049"]
[BlackElo "2264"]
[PlyCount "34"]
[EventDate "2006.09.11"]

1. e4 c5 2. d3 Nf6 3. Nc3 d5 4. exd5 Nxd5 5. Nf3 g6 6. Be2 Nxc3 7. bxc3 Bg7 8.
Bd2 Nc6 9. O-O O-O 10. Qe1 h6 11. h3 e5 12. Nh2 f5 13. f4 exf4 14. Bxf4 Re8 15.
Qd2 Kh7 16. Be3 Qe7 17. Rf3 f4 0-1

[Event "XVI C.to Mondiale seniores femminile"]
[Site "Arvier ITA"]
[Date "2006.09.14"]
[Round "4"]
[White "Erenska-Barlo, Hanna"]
[Black "Abdikasova, Panu"]
[Result "1/2-1/2"]
[WhiteElo "2293"]
[BlackElo "2035"]
[PlyCount "139"]
[EventDate "2006.09.11"]

1. e4 c5 2. f4 d5 3. exd5 Qxd5 4. Nc3 Qd8 5. Nf3 Nc6 6. Bb5 Bd7 7. O-O Nf6 8.
a4 g6 9. d3 Bg7 10. Ne5 Rc8 11. Be3 b6 12. Nxc6 Bxc6 13. Bxc6+ Rxc6 14. Qf3 Rd6
15. f5 O-O 16. fxg6 hxg6 17. Bf4 Re6 18. Rae1 Rxe1 19. Rxe1 e6 20. Be5 Nd7 21.
Bxg7 Kxg7 22. g3 Nf6 23. Qf4 a6 24. Kg2 Qd7 25. Re2 Qc6+ 26. Kg1 Nd7 27. b3 f6
28. Qe4 Qxe4 29. Nxe4 Kf7 30. Kg2 e5 31. h4 Rh8 32. Re1 Ke6 33. Rf1 f5 34. Ng5+
Kd5 35. c3 Nf6 36. Re1 Re8 37. Nf3 b5 38. axb5 axb5 39. Ra1 Nd7 40. Ra6 c4 41.
bxc4+ bxc4 42. dxc4+ Kxc4 43. Rxg6 Kxc3 44. Rd6 Re7 45. Rd5 e4 46. Ng1 Ne5 47.
Kf2 Kc4 48. Ra5 Kb4 49. Ra8 Ng4+ 50. Ke2 Rc7 51. Rb8+ Ka5 52. Ra8+ Kb6 53. Rb8+
Ka7 54. Rb3 Rc2+ 55. Kd1 Ra2 56. Nh3 Rh2 57. Nf4 Nf2+ 58. Kc1 Ng4 59. Nd5 Rf2
60. Ne7 Ka6 61. h5 Rh2 62. Nxf5 Rxh5 63. Ne3 Nf2 64. Kd2 Rh2 65. Kc3 Rh3 66.
Rb2 Rxg3 67. Rxf2 Rxe3+ 68. Kd4 Re1 69. Rf6+ Kb5 70. Re6 1/2-1/2

[Event "XVI C.to Mondiale seniores femminile"]
[Site "Arvier ITA"]
[Date "2006.09.14"]
[Round "4"]
[White "Khmiadashvili, Tamar"]
[Black "Saunina, Ludmila"]
[Result "0-1"]
[WhiteElo "2210"]
[BlackElo "2290"]
[PlyCount "98"]
[EventDate "2006.09.11"]

1. e4 c5 2. Nf3 d6 3. Bb5+ Nd7 4. a4 Ngf6 5. d3 e6 6. O-O Be7 7. c4 a6 8. Bxd7+
Bxd7 9. Nc3 O-O 10. Ne1 Bc6 11. f4 Qc7 12. Qe2 d5 13. e5 Nd7 14. cxd5 exd5 15.
Qh5 f5 16. d4 cxd4 17. Ne2 Qb6 18. Kh1 d3 19. Nxd3 Qb3 20. Qf3 d4 21. Nxd4 Bxf3
22. Nxb3 Be2 23. Be3 Bxf1 24. Rxf1 Rac8 25. g4 fxg4 26. f5 Rc4 27. a5 h5 28.
Bd4 Kh7 29. Bc3 Re4 30. e6 Rxe6 31. fxe6 Rxf1+ 32. Kg2 Rf3 33. Ne1 Ne5 34. Nxf3
Nxf3 35. Nc1 Kg6 36. Ne2 Bd6 37. Ng3 Ng5 38. Bd2 Nxe6 39. Ne4 Be5 40. b4 h4 41.
Nf2 Kf5 42. Nd3 Bd6 43. Nb2 Nf4+ 44. Kf1 Nd5 45. Nd3 Ke4 46. Ke2 h3 47. Nf2+
Kf5 48. Nd3 Bxh2 49. Nf2 Bd6 0-1

[Event "XVI C.to Mondiale seniores femminile"]
[Site "Arvier ITA"]
[Date "2006.09.14"]
[Round "4"]
[White "Lebel Arias, Julia"]
[Black "Dragasevic Georgieva, Antonina"]
[Result "1/2-1/2"]
[WhiteElo "1965"]
[BlackElo "2134"]
[PlyCount "95"]
[EventDate "2006.09.11"]

1. d4 g6 2. Bg5 c5 3. d5 Bg7 4. c3 d6 5. e4 Qb6 6. Qc2 Nf6 7. Nd2 Nbd7 8. Nc4
Qc7 9. a4 b6 10. f4 O-O 11. Nf3 Bb7 12. Bd3 a6 13. O-O b5 14. axb5 axb5 15. Ne3
c4 16. Be2 Nc5 17. Bxf6 Bxf6 18. Ng4 Bg7 19. Rxa8 Bxa8 20. Nh4 h5 21. Nf2 Bf6
22. Nf3 e6 23. f5 gxf5 24. exf5 Bxd5 25. fxe6 Bxe6 26. Ne4 Nxe4 27. Qxe4 d5 28.
Qe3 Qe7 29. Nd4 Bg4 30. Qxe7 Bxe7 31. Bxg4 hxg4 32. Rf5 b4 33. Rxd5 bxc3 34.
bxc3 Ra8 35. Kf2 Bh4+ 36. g3 Ra2+ 37. Ke3 Be7 38. Ne2 Kg7 39. Rf5 Kg6 40. Rf2
Bc5+ 41. Nd4 Rxf2 42. Kxf2 Bxd4+ 43. cxd4 Kf5 44. Ke3 f6 45. d5 Ke5 46. d6 Kxd6
47. Kd4 c3 48. Kxc3 1/2-1/2

[Event "XVI C.to Mondiale seniores femminile"]
[Site "Arvier ITA"]
[Date "2006.09.15"]
[Round "5"]
[White "Fomina, Tatyana V."]
[Black "Erenska-Barlo, Hanna"]
[Result "1-0"]
[WhiteElo "2220"]
[BlackElo "2293"]
[PlyCount "69"]
[EventDate "2006.09.11"]

1. d4 Nf6 2. Nc3 d5 3. Bg5 g6 4. Qd2 h6 5. Bf4 c6 6. h3 Bg7 7. g4 Nbd7 8. Bg2
Nf8 9. Be5 N8d7 10. f4 Nxe5 11. fxe5 Ng8 12. e4 e6 13. Nf3 b6 14. O-O-O Ba6 15.
exd5 cxd5 16. Bf1 Bxf1 17. Rhxf1 Qd7 18. Qd3 Ne7 19. Rf2 a6 20. Rdf1 O-O 21. h4
b5 22. h5 b4 23. Ne2 Qb5 24. Qd2 Rac8 25. Kb1 Rc7 26. hxg6 fxg6 27. Nf4 Qc6 28.
Nh4 g5 29. Nh5 Rcc8 30. Nf6+ Bxf6 31. exf6 Qc4 32. b3 Qb5 33. Qe3 Qc6 34. fxe7
Rxf2 35. Qxf2 1-0

[Event "XVI C.to Mondiale seniores femminile"]
[Site "Arvier ITA"]
[Date "2006.09.15"]
[Round "5"]
[White "Hoose, Hannelore"]
[Black "Blagonadezhnaya, Ideya"]
[Result "0-1"]
[WhiteElo "1828"]
[BlackElo "2049"]
[PlyCount "98"]
[EventDate "2006.09.11"]

1. e4 g6 2. b3 Bg7 3. Nc3 d6 4. Bb2 Nf6 5. d3 O-O 6. Rb1 Nc6 7. Nf3 e5 8. h3
Nh5 9. Ne2 h6 10. g3 Be6 11. Bg2 f5 12. exf5 gxf5 13. O-O f4 14. g4 Nf6 15. Nh2
Nh7 16. c4 Rb8 17. Kh1 Ne7 18. Ng1 Ng6 19. Ngf3 Ng5 20. Nxg5 Qxg5 21. Nf3 Qe7
22. Qe2 Nh4 23. Nxh4 Qxh4 24. f3 Bd7 25. Qf2 Qxf2 26. Rxf2 Bf6 27. Re2 Kf7 28.
Rd1 c5 29. Bc3 Bc6 30. Be1 h5 31. Rf2 Bh4 32. Rf1 Bxe1 33. Rdxe1 Rh8 34. Kg1
Kf6 35. Kf2 b5 36. Rc1 a5 37. Rc2 a4 38. Rh1 bxc4 39. bxc4 a3 40. h4 Rb2 41.
g5+ Ke7 42. Rhc1 Rhb8 43. Ke1 Ba4 44. Rxb2 axb2 45. Rb1 Bc2 46. Rxb2 Rxb2 47.
Bf1 Rxa2 48. Kd2 Ba4+ 49. Kc3 Rc2# 0-1

[Event "XVI C.to Mondiale seniores femminile"]
[Site "Arvier ITA"]
[Date "2006.09.15"]
[Round "5"]
[White "Saunina, Ludmila"]
[Black "Lebel Arias, Julia"]
[Result "1-0"]
[WhiteElo "2290"]
[BlackElo "1965"]
[PlyCount "37"]
[EventDate "2006.09.11"]

1. e4 g6 2. d4 Bg7 3. c3 d6 4. f4 e6 5. Nf3 a6 6. a4 b6 7. Bd3 Ne7 8. O-O Bb7
9. Qe1 Nd7 10. f5 e5 11. Qh4 gxf5 12. exf5 Bxf3 13. Rxf3 Bf6 14. Bg5 Ng8 15.
Bxf6 Ngxf6 16. Nd2 d5 17. dxe5 Nxe5 18. Re3 Nfg4 19. Qxg4 1-0